000 00720nam a22002657a 4500
001 BR6002340
003 BR-BrBNA
005 20230928083125.0
007 ta
008 230509b bl.||||| |||| 00| 0 por d
040 _aBR-BrBNA
_bpor
_cBiblioteca Nacional de Agricultura
041 _a(Por)
072 _aE30
_b/G514
090 _ E30 BR6002340
100 1 _aPorto, B.S.
245 1 _aSubsidios para a acao do governo federal na Amazonia Matogrossense [Brasil]
260 3 _aCuiaba, MT (Brasil):
_c[nd].
300 _a16 p.
500 _a6 ref.
650 _aCOLONIZACAO
650 _aDESENVOLVIMENTO ECONOMICO
650 _aAMAZONIA MATOGROSSENSE
909 _a202309
_bLucia
_c55
_dLucia Elande
942 _cBK
999 _c11687
_d11687